[Event "Barcelona Tres Peons-D 46th"]
[Site "Barcelona"]
[Date "2017.04.21"]
[Round "1.2"]
[White "Martinez, Juan Manuel"]
[Black "Torrents Ludewig, Miguel"]
[Result "1-0"]
[WhiteElo "1954"]
[BlackElo "1890"]
[PlyCount "81"]
[EventDate "2017.04.21"]
[EventType "swiss"]
[EventRounds "9"]
[EventCountry "ESP"]
[SourceTitle "EXT 2024"]
[Source "ChessBase"]
[SourceDate "2023.10.10"]
[SourceVersion "1"]
[SourceVersionDate "2023.10.10"]
[SourceQuality "1"]

1. d4 Nf6 2. Bg5 e6 3. Nd2 c5 4. Ne4 Be7 5. Bxf6 Bxf6 6. Nxc5 Nc6 7. c3 0-0 8. e4 d6 9. Nd3 b6 10. Nf3 Bb7 11. Be2 Rc8 12. 0-0 e5 13. dxe5 dxe5 14. Re1 Qc7 15. Bf1 Na5 16. Nb4 Rcd8 17. Qc2 Rd6 18. Rad1 Rfd8 19. Rxd6 Rxd6 20. b3 Qd8 21. Bb5 Nc6 22. Nxc6 Bxc6 23. Bxc6 Rxc6 24. Rd1 Rd6 25. Rxd6 Qxd6 26. c4 Kf8 27. Kf1 Ke7 28. Ke2 Qa3 29. g3 g6 30. h4 h5 31. Ne1 Bg7 32. Nd3 Qd6 33. Qc3 a5 34. c5 Qc6 35. f3 f6 36. Qc4 b5 37. Qg8 Bf8 38. Qxg6 Qe6 39. Qh7+ Kd8 40. Qb7 Qh3 41. c6 1-0